[Event "Torroella de Montgri U2200 2nd"]
[Site "Torroella de Montgri"]
[Date "2019.09.07"]
[Round "2.3"]
[White "Brusi Noguera, Ricardo Ll"]
[Black "Pla Andreu, Abraham"]
[Result "1-0"]
[WhiteElo "2138"]
[BlackElo "1870"]
[PlyCount "63"]
[EventDate "2019.09.06"]
[EventType "swiss"]
[EventRounds "7"]
[EventCountry "ESP"]
[SourceTitle "EXT 2024"]
[Source "ChessBase"]
[SourceDate "2023.10.10"]
[SourceVersion "1"]
[SourceVersionDate "2023.10.10"]
[SourceQuality "1"]

1. d4 e6 2. c4 d5 3. Nc3 f5 4. Bf4 c6 5. e3 Nf6 6. Nf3 Be7 7. Bd3 0-0 8. h3 Ne4 9. 0-0 Nd7 10. Bh2 Qb6 11. Rb1 Qa5 12. Qc2 h6 13. c5 b5 14. b4 Qd8 15. Ne2 g5 16. Ne5 Bb7 17. a4 a6 18. Ra1 Nef6 19. Ra2 Nxe5 20. dxe5 Ne8 21. axb5 axb5 22. Rfa1 Nc7 23. Rxa8 Nxa8 24. f4 Nc7 25. g4 Bc8 26. gxf5 exf5 27. Nd4 Bd7 28. Bxf5 Bxf5 29. Nxf5 Qd7 30. Nxh6+ Kg7 31. Ng4 Ne6 32. f5 1-0

[Event "Masdenverge op 4th"]
[Site "Masdenverge"]
[Date "2015.06.28"]
[Round "6"]
[White "Pla Andreu, Abraham"]
[Black "Jordan Martinez, David"]
[Result "1-0"]
[WhiteElo "1978"]
[BlackElo "2131"]
[PlyCount "123"]
[EventDate "2015.06.26"]
[EventType "swiss"]
[EventRounds "7"]
[EventCountry "ESP"]
[SourceTitle "EXT 2019"]
[Source "ChessBase"]
[SourceDate "2018.10.10"]
[SourceVersion "1"]
[SourceVersionDate "2018.10.10"]
[SourceQuality "1"]

1. d4 Nf6 2. Nf3 e6 3. Bf4 c5 4. e3 b6 5. Nbd2 Be7 6. Bd3 cxd4 7. exd4 Bb7 8. c3 d6 9. 0-0 0-0 10. Qc2 Nbd7 11. h3 Re8 12. Rfe1 Bf8 13. Bh2 Qc7 14. Ng5 g6 15. Nge4 Rad8 16. Nxf6+ Nxf6 17. Ne4 Nxe4 18. Bxe4 Rc8 19. Bxb7 Qxb7 20. Qe4 Qd7 21. Rad1 b5 22. Qe2 Rc7 23. h4 Rec8 24. d5 e5 25. f4 exf4 26. Bxf4 Rc4 27. g3 a5 28. a3 h5 29. Bg5 Rg4 30. Rd3 b4 31. axb4 axb4 32. Kg2 bxc3 33. Rxc3 Rb8 34. b3 Rgb4 35. Qf3 Qb7 36. Rf1 Re8 37. Bf6 Rbe4 38. Rd3 Qd7 39. Rf2 Re1 40. Bc3 R1e5 41. Bxe5 Rxe5 42. Re3 Bg7 43. Rxe5 Bxe5 44. Qd3 Qg4 45. Rf3 Kg7 46. Qc4 Qd7 47. Qc6 Qa7 48. Qa4 Qc5 49. Qc4 Qa3 50. Qc7 Bf6 51. Qc2 Bd4 52. Qd2 Bc5 53. Rd3 Qa7 54. Qc3+ Kg8 55. Rd2 Qb7 56. Qc4 Qe7 57. Re2 Qb7 58. Re8+ Kg7 59. Qc3+ f6 60. Qd3 Qa7 61. Qe4 Qa2+ 62. Qe2 1-0